000
00279nam a22001337a 4500
008
170907b xxu||||| |||| 00| 0 eng d
020
_a
0948507330
041
_a
eng
080
_a
721
100
_a
41
101
_a
NDI
245
_a
SIMULATION
_c
HURRION, R.D
942
_2
udc
_c
BK
999
_c
26573
_d
26573